Normal view
MARC view
- STRATEGIC PLANNING, STRATEGIC PLANNING CASE STUDIES
Entry Topical Term
001 - CONTROL NUMBER
- control field: 64119
003 - CONTROL NUMBER IDENTIFIER
- control field: NUST
005 - DATE AND TIME OF LATEST TRANSACTION
- control field: 20210628203227.0
008 - FIXED-LENGTH DATA ELEMENTS
- fixed length control field: 210628|| aca||aabn | a|a d
040 ## - CATALOGING SOURCE
- Original cataloging agency: NUST
- Transcribing agency: NUST
150 ## - HEADING--TOPICAL TERM
- Topical term or geographic name entry element: STRATEGIC PLANNING, STRATEGIC PLANNING CASE STUDIES
670 ## - SOURCE DATA FOUND
- Source citation: Work cat.: (NUST): Pearce, John . A , Robinson, Richard . B 60986, Formulation, implementation, and control of competitive strategy, 2005
